000 00696nam a2200241Ia 4500
003 OSt
005 20220923214925.0
006 a|||||r|||| 00| 0
007 ta
008 220922b |||||||| |||| 00| 0 hin d
024 _a173,769
037 _cTextual
040 _aARTS
_cARTS
_bhin
041 _2hin
_ahin
082 _aO152,6M92x, J8
100 _aशर्मा, हरिशंकर
_9156279
245 0 _aचिड़िया घर
246 _aChiड़iyā ghara
260 _c1958
650 _aहिन्दी साहित्य
_9156264
942 _hO152,6M92x, J8
_cTEXL
_2CC
999 _c327633
_d327633